Fundamentals of Prestressed Concrete (Record no. 5723)

MARC details
000 -LEADER
fixed length control field 00361nam a2200145Ia 4500
008 - FIXED-LENGTH DATA ELEMENTS--GENERAL INFORMATION
fixed length control field 191201s2011 xx 000 0 und d
082 ## - DEWEY DECIMAL CLASSIFICATION NUMBER
Classification number 624.183412
Item number SIF
100 ## - MAIN ENTRY--PERSONAL NAME
Personal name SINHA,NC
245 #0 - TITLE STATEMENT
Title Fundamentals of Prestressed Concrete
250 ## - EDITION STATEMENT
Edition statement Rev
260 ## - PUBLICATION, DISTRIBUTION, ETC. (IMPRINT)
Place of publication, distribution, etc N. Delhi
Name of publisher, distributor, etc S Chand and Co. Ltd.
Date of publication, distribution, etc 2011
300 ## - PHYSICAL DESCRIPTION
Extent 533
650 ## - SUBJECT ADDED ENTRY--TOPICAL TERM
Topical term or geographic name as entry element B.Tech(CE)
942 ## - ADDED ENTRY ELEMENTS (KOHA)
Source of classification or shelving scheme Dewey Decimal Classification
Koha item type Text Books
Holdings
Withdrawn status Lost status Source of classification or shelving scheme Damaged status Not for loan Collection code Home library Current library Date acquired Source of acquisition Cost, normal purchase price Bill Number Total Checkouts Full call number Acc. no. / Barcode Date last seen Bill Date Koha item type Checked out Date last borrowed
    Dewey Decimal Classification     B.Tech(CE) PIET C-LIBRARY PIET C-LIBRARY 17/05/2013 IBH, New Delhi 250.00 1511   624.183412 SIF 22437 04/12/2019 15/05/2013 Text Books    
    Dewey Decimal Classification     B.Tech(CE) PIET C-LIBRARY PIET C-LIBRARY 17/05/2013 IBH, New Delhi 250.00 1511   624.183412 SIF 22438 04/12/2019 15/05/2013 Text Books    
    Dewey Decimal Classification     B.Tech(CE) PIET C-LIBRARY PIET C-LIBRARY 17/05/2013 IBH, New Delhi 250.00 1511   624.183412 SIF 22439 09/01/2020 15/05/2013 Text Books    
    Dewey Decimal Classification     B.Tech(CE) PIET C-LIBRARY PIET C-LIBRARY 17/05/2013 IBH, New Delhi 250.00 1511 1 624.183412 SIF 22440 20/01/2022 15/05/2013 Text Books 19/07/2022 20/01/2022
    Dewey Decimal Classification     B.Tech(CE) PIET C-LIBRARY PIET C-LIBRARY 17/05/2013 IBH, New Delhi 250.00 1511   624.183412 SIF 22441 04/12/2019 15/05/2013 Text Books    

Design & Developed by: PIET Central Library
R70 Miles Stone Pattikalyana Samalkha Panipat 132102
mail ID :- [email protected], Phone No:- 0180-2569700 Ex.216